| 000 | 00478nam a2200181Ia 4500 | ||
|---|---|---|---|
| 001 | 19246 | ||
| 005 | 20260306171730.0 | ||
| 008 | 260306s9999||||xx |||||||||||||| ||und|| | ||
| 041 | _aESP | ||
| 082 |
_a658.812 _bH28 |
||
| 100 |
_aHayes, Bob E. _eAUT |
||
| 245 | 0 |
_aCómo medir la satisfacción del cliente: _bdiseño de encuestas, usos y mètodos de anàlisis estadistico |
|
| 260 | _c2006 | ||
| 300 |
_a _c |
||
| 650 | _aGEN | ||
| 654 | _aCAN | ||
| 942 |
_cLIB _dJUS _fJUS _2ddc _n |
||
| 999 |
_c19246 _d19246 |
||